| 000 | 00880nam a2200205 a 4500 | ||
|---|---|---|---|
| 005 | 20140414132107.0 | ||
| 008 | 100902s19uu xx 00 eng d | ||
| 020 | _a9780439023498 | ||
| 050 |
_aTR _bC69 2009 |
||
| 100 | _aCollins, Suzanne | ||
| 245 |
_aCatching fire / _cSuzanne Collins. |
||
| 260 |
_aNew York : _bScholastic, _c2009. |
||
| 440 | _a | ||
| 500 | _aThe second book of The Hunger Games.Strictly for G7 students and above level of age use. | ||
| 520 | _aBy winning the annual Hunger games, District 12 tributes Katniss Everdeen and Peeta Mellark have secures a life of safety and plenty for themselves and their families, but because they won by defying the rules, they unwittingly become the faces of an impending rebellion. | ||
| 650 |
_aInsurgency _xFiction |
||
| 650 |
_aSurvival _xFiction |
||
| 650 |
_aInterpersonal relations _xFiction |
||
| 999 |
_c114646 _d114646 |
||